Zem živiteľka 79

Bibliographic Details
Main Authors: (mš) (Author), Štefánek, Michal (Author)
Format: Article
Language:Slovak
Subjects:

MARC

LEADER 00000nab a2200000 a 4500
001 vtls000037678
003 SK-MaSNL
005 20260303023313.0
008 111103c1979 xo 0 slo
015 |a SNBRB19rr/mm-uuuuu 
035 |a CL0047773 
040 |a SNKBUCL  |b slo  |c SNKBUCL  |e AACR2 
041 0 |a slo 
044 |a xo  |c SK 
080 |a 631  |2 1981 
100 1 |a (mš)  |4 aut  |9 854210 
245 1 0 |a Zem živiteľka 79  |c (mš) ; Michal Štefánek 
650 0 7 |a poľnohospodárstvo  |2 snkbucl  |9 679 
650 0 7 |a Země živitelka 79  |2 snkbucl  |9 1006016 
651 7 |a 3301  |2 snkbucl  |9 922222 
655 7 |a články z novín a časopisov  |2 snkbucl  |9 267496 
700 1 |a Štefánek, Michal  |4 aut  |9 5308 
773 0 |t Informácie MPVž SSR  |g Roč. 7, č. 10 (1979), s. 19-21 
850 |a Slovenská národná knižnica v Martine  |a MTA001 
852 |a SNK  |b KIS3GCP 
958 |a RK 
992 |a RBX 
999 |c 1633739  |d 1635669